A multigrid tutorial
Αποθηκεύτηκε σε:
| Κύριος συγγραφέας: | |
|---|---|
| Άλλοι συγγραφείς: | , |
| Μορφή: | Βιβλίο |
| Γλώσσα: | English |
| Δημοσίευση: |
Philadelphia, PA :
Society for Industrial and Applied Mathematics,
c2000
|
| Έκδοση: | 2nd ed. |
| Θέματα: | |
| Ετικέτες: |
Προσθήκη ετικέτας
Δεν υπάρχουν, Καταχωρήστε ετικέτα πρώτοι!
|
MARC
| LEADER | 00000nam a2200000 i 4500 | ||
|---|---|---|---|
| 001 | 1/34412 | ||
| 008 | 030313s2000 eng d | ||
| 020 | |a 0898714621 | ||
| 035 | |l 10069691 | ||
| 040 | |a GR-MY-UA |b gre |e aacr | ||
| 041 | 0 | |a eng | |
| 082 | 0 | |a 515.353 | |
| 100 | 1 | |a Briggs, William L. | |
| 245 | 1 | 2 | |a A multigrid tutorial / |c William L. Briggs, Van Emden Henson, Steve F. McCormick |
| 250 | |a 2nd ed. | ||
| 260 | |a Philadelphia, PA : |b Society for Industrial and Applied Mathematics, |c c2000 | ||
| 300 | |a xii, 193 p.; |b ill.; |c 26 cm. | ||
| 504 | |a Includes bibliographical references and index | ||
| 650 | 0 | 0 | |a Differential equations, Partial |x Numerical solutions. |
| 650 | 0 | 0 | |a Multigrid methods (Numerical analysis) |
| 700 | 1 | |a Henson, Van Emden. | |
| 700 | 1 | |a McCormick, S. F. |q (Stephen Fahrney) |d 1944- | |
| 852 | |a INST |b SAMOS |e 20030313 |h 515.353 BRI |p 005300024195 |q 005300024195 |t BK |y 0 | ||
| 901 | |a BIBL3-2003-1 | ||
| 909 | |a Σ |b 104211 | ||
| 922 | |a 3ΕΛΗ |b 200210 |c ΕΠΕΑΕΚ2/ΤΜΗΜΑ ΜΑΘΗΜΑΤΙΚΩΝ |d ΠΑΠΑΣΩΤΗΡΙΟΥ & ΕΛΕΥΘΕΡΟΥΔΑΚΗΣ | ||
| 950 | |a 116-2002-10-02 | ||
| 970 | |a ΚΟΣΙΕΡΗΣ |b ΧΡΗΣΤΟΣ |z 2003/03/17 | ||